000 00608nam a2200217 a 4500
005 20210219153002.0
008 991125n 000 0 spa u
035 _aUPN01000070846
100 _aD'ANGELO, Estela
222 _aLA EDUCACION EN LOS PRIMEROS AÑOS
245 _aDe rama en rama : investigando el bosque
300 _a80-96
362 _a1998 Año 1, no. 4, sept.
653 0 _aEDUCACION AMBIENTAL
653 0 _aEDUCACION INICIAL
653 0 _aSALIDAS ESCOLARES
700 _aBURILLO, Julia, coaut.
700 _aMEDINA, Angeles, coaut.
904 _aAC
_b008657
905 _aArticulo
999 _c65524
_d65524